Logo BPK

Biblioteka

Politechniki Koszalińskiej

Polskie konstrukcje broni strzeleckiej / (Rekord nr 29939)

Szczegóły MARC
000 -ETYKIETA REKORDU
podpole kontrolne o stałej długości 00584nam a2200205 i 4500
001 - NUMER KONTROLNY REKORDU
pole kontrolne bg
020 ## - MIĘDZYNARODOWY ZNORMALIZOWANY NUMER KSIĄŻKI - ISBN
ISBN 8385001697
040 ## - ŹRÓDŁO KATALOGOWANIA
Instytucja, która utworzyła rekord BPK
041 ## - KOD JĘZYKA
Kod języka tekstu pol
080 ## - UNIWERSALNA KLASYFIKACJA DZIESIĘTNA - UKD
UKD 623.44(438)"19"
920 ## - Międzynarodowy znormalizowany numer książki – ISBN
ISBN 83-85001-69-7
008 - POLE O STAŁEJ DŁUGOŚCI - DANE KONTROLNE
podpole kontrolne o stałej długości s pl f |000 0 pol
100 1# - NAZWA OSOBOWA
Nazwa osobowa GWÓŹDŹ, Zbigniew
245 #0 - TYTUŁ/ODPOWIEDZIALNOŚĆ
Tytuł Polskie konstrukcje broni strzeleckiej /
Pozostałe elementy strefy tytułu i oznaczenia odpowiedzialności Zbigniew Gwóźdź, Piotr Zarzycki.
260 ## - STREFA ADRESU WYDAWNICZEGO
Miejsce wydania Warszawa :
Nazwa wydawcy/dystrybutora SIGMA NOT,
Data publikacji, dystrybucji/powstania dokumentu 1993.
300 ## - STREFA OPISU FIZYCZNEGO
Objętość 295 s., [12] k. tabl. kol. :
Inne cechy fizyczne fot., rys. ;
Rozmiary 24 cm.
504 ## - UWAGA DOTYCZĄCA BIBLIOGRAFII
Informacje o bibliografii Bibliogr. s. 286-289.
700 1# - HASŁO DODATKOWE - NAZWA OSOBOWA
Nazwa osobowa ZARZYCKI, Piotr
856 ## - LOKALIZACJA I DOSTĘP DO ELEKTRONICZNYCH DOKUMENTÓW ZDALNYCH
Link (URL) http://koha.tu.koszalin.pl/cgi-bin/koha/opac-detail.pl?biblionumber=29939
Tekst linku Katalog online BPK
942 ## - DODATKOWE ELEMENTY (KOHA)
Typ dokumentu Książka
Egzemplarze
Wycofany Status egzemplarza Uszkodzony Dostępność Lokalizacja stała Lokalizacja bieżąca Miejsce przechowywania Sygnatura Kod kreskowy Typ dokumentu
      Dostępny Biblioteka Politechniki Koszalińskiej Biblioteka Politechniki Koszalińskiej Wypożyczalnia BG 36415 01355826 Książka
© 2023 Biblioteka Politechniki Koszalińskiej :: KOHA